000 00457nam a2200181Ia 4500
001 4616
005 20260306145809.0
008 260306t2017||||xx |||||||||||||| ||spa||
041 _aESP
082 _a327.83085
_bW943
100 _aWieland Conroy, Hubert
_eAUT
245 0 _aEl punto Concordia y la frontera entre el Perú y Chile
260 _c2017
300 _a156 páginas :
_c24 cm.
650 _aGEN
654 _aCHU
942 _cLIB
_dJUS
_fJUS
_2ddc
_n
999 _c4616
_d4616